00430nam a2200181Ia 4500003000400000005001700004008004100021020001400062040000700076041000800083082001500091100001900106245004300125250000600168260004500174300001600219365001300235OSt20230412095133.0210423s2010 xx 000 0 und d a195690869 cAL aeng a658.4 PARU aPAREEK (Udai). aUnderstanding organizational behavior. a2 aNew DelhibOxford University Pressc2010 axvi,798bPB b375cINR